Deutsche Bundesländer nach Anzahl der Großstädte - Statistiken

Allgemein
  • Dieses Quiz wurde 294 mal gespielt
  • Das Durchschnittsergebnis liegt bei 6 aus 8
Antwortstatistiken
Großstädte Bundesland % Korrekt
30 Nordrhein-Westfalen
99%
9 Baden-Württemberg
90%
8 Bayern | Niedersachsen
90%
6 Hessen
74%
1 Berlin | Brandenburg | Hamburg | Mecklenburg-Vorpommern | Saarland
62%
2 Bremen | Sachsen-Anhalt | Schleswig-Holstein | Thüringen
57%
3 Sachsen
55%
5 Rheinland-Pfalz
52%
Keine übereinstimmenden Quizze gefunden
Verteilung der Resultate
Anzahl Personen mit jedem Resultat
Perzentil nach korrekt beantworteten Fragen
Ihre Resultats-Entwicklung
Sie haben dieses Quiz noch nicht gespielt